000 00310nam a22001337a 4500
008 170216b xxu||||| |||| 00| 0 eng d
020 _a9780763732813
041 _aeng
080 _23RD
_a61
100 _a4
101 _aSHM
245 _aINTRODUCTION TO HEALTH CARE DELIVERY
_cMCCARTHY, R.L
942 _2udc
_cBK
999 _c5645
_d5645